|
|
|
|
| LEADER |
01998nam a2200493 a 4500 |
| 001 |
nkc20112194028 |
| 003 |
CZ PrNK |
| 005 |
20110711083642.0 |
| 007 |
ta |
| 008 |
110609s2009 xr e p 000 0 cze |
| 015 |
|
|
|a cnb002194028
|
| 020 |
|
|
|a 978-80-87398-10-4
|q (v knize neuvedeno ;
|q brož.)
|z 978-80-87398-03-6
|
| 035 |
|
|
|a (OCoLC)746836985
|
| 040 |
|
|
|a ABA001
|b cze
|
| 043 |
|
|
|a e-xr---
|
| 072 |
|
7 |
|a 364
|x Sociální problémy vyžadující podporu a pomoc. Sociální zabezpečení
|2 Konspekt
|9 18
|
| 072 |
|
7 |
|a 37.016
|x Učební osnovy. Vyučovací předměty. Učebnice
|2 Konspekt
|9 22
|
| 080 |
|
|
|a 364.633/.634
|2 MRF
|
| 080 |
|
|
|a 378
|2 MRF
|
| 080 |
|
|
|a (437.3)
|2 MRF
|
| 080 |
|
|
|a (035)
|2 MRF
|
| 080 |
|
|
|a (07)
|2 MRF
|
| 100 |
1 |
|
|a Kolářová, Kateřina,
|d 1976-
|7 js20040216004
|4 aut
|
| 245 |
1 |
0 |
|a Co je sexuální obtěžování a jak se mu bránit :
|b příručka pro studující vysokých škol /
|c [autorský tým Kateřina Kolářová, Petr Pavlík, Irena Smetáčková]
|
| 250 |
|
|
|a 1. vyd.
|
| 260 |
|
|
|a Praha :
|b Fakulta humanitních studií Univerzity Karlovy v Praze,
|c 2009
|
| 300 |
|
|
|a 31 s. ;
|c 21 cm
|
| 504 |
|
|
|a Obsahuje bibliografii a bibliografické odkazy
|
| 650 |
0 |
7 |
|a sexuální obtěžování
|7 ph125511
|z Česko
|2 czenas
|
| 650 |
0 |
7 |
|a vysoké školy
|7 ph116649
|z Česko
|2 czenas
|
| 650 |
0 |
9 |
|a sexual harassment
|z Czechia
|2 eczenas
|
| 650 |
0 |
9 |
|a universities and colleges
|z Czechia
|2 eczenas
|
| 655 |
|
7 |
|a příručky
|7 fd133209
|2 czenas
|
| 655 |
|
7 |
|a učební texty
|7 fd133599
|2 czenas
|
| 655 |
|
9 |
|a handbooks and manuals
|2 eczenas
|
| 655 |
|
9 |
|a educational texts
|2 eczenas
|
| 700 |
1 |
|
|a Pavlík, Petr,
|d 1965-
|7 mzk2007408584
|4 aut
|
| 700 |
1 |
|
|a Smetáčková, Irena,
|d 1976-
|7 ola2006329785
|4 aut
|
| 910 |
2 |
|
|a BOA001
|b 2-1269.249
|
| 928 |
9 |
|
|a Univerzita Karlova, Fakulta humanitních studií
|
| 990 |
|
|
|a BK
|
| 995 |
|
|
|a 01
|
| 991 |
|
|
|b 201106
|e n
|
| 996 |
6 |
|
|b 2610480860
|c 2-1269.249
|l MZK
|r Sklad / do 1 hodiny
|n 5
|p p.v.
|w 001185837
|u 000010
|a 1
|e BOA001
|j MZK50
|s P
|